000 00835nam a22002177a 4500
999 _c20285
_d20285
003 AR-CdUCM
008 190528b ||||| |||| 00| 0 spa d
040 _aMUNICIPALIDAD PROVINCIAL DEL CUSCO
_cBIBLIOTECA MUNICIPAL DEL CUSCO
082 _a574.5 /
_bO35
100 _aOdum, Eugene P.
_942397
245 _aEcología /
260 _aMéxico :
_bInteramericana,
_c1972.
300 _a639 páginas ;
_bFotografías, imágenes, Gráficos
_c26 cm.
505 _aContenido : Objeto de la ecologia -- Principios y conceptos relativos al ecosistema -- Principios y conceptos relativos a la energía en los sistemas ecológicos...
650 _aSubdivisiones dela ecología
_942398
650 _aEcosistema
_936050
650 _aModelos matemáticos
_96449
650 _aEcología terrestre
_942399
942 _2ddc
_cLIBROS
945 _arcc